000 00303nam a22001457a 4500
003 SGT
082 _a363.209 54,VEN
100 _aVENKATESJS,P.
245 _aPOLICE DIARIES
250 _a4TH
260 _aALLAHABAD
_bPREMIER
_c2015
300 _a1811
650 _aPOLICE DIARIES
942 _2ddc
_cBK
_03
999 _c10328
_d10328